Vplyv klimatických zmien na ekonomický rast rozvojových krajín

Základné vplyvy klimatických zmien na ekonomiky rozvojových krajín a ich potenciálne riešenia, pomocou analýzy dostupných informácií a hypotetického príkladu z praxe. Výsledky a kľúčové informácie v oblasti klimatických zmien.

Enregistré dans:
Détails bibliographiques
Auteur principal: Pernický, Jakub, 1998-
Format: Chapitre de livre
Langue:slovaque
Sujets:
Tags: Ajouter un tag
Pas de tags, Soyez le premier à ajouter un tag!

MARC

LEADER 00000naa$a2200000$$$4500
001 0281447
005 20240502074401.0
041 0 |a slo 
044 |a SK 
245 1 0 |a Vplyv klimatických zmien na ekonomický rast rozvojových krajín  |c Jakub Pernický 
520 |a Základné vplyvy klimatických zmien na ekonomiky rozvojových krajín a ich potenciálne riešenia, pomocou analýzy dostupných informácií a hypotetického príkladu z praxe. Výsledky a kľúčové informácie v oblasti klimatických zmien. 
610 2 0 |a zmeny klimatické 
610 2 0 |a krajiny rozvojové 
610 2 0 |a adaptácia 
610 2 0 |a rast hospodársky 
100 1 |a Pernický, Jakub, 1998-